[Event "Charlotte op"]
[Site "Charlotte"]
[Date "2024.01.13"]
[Round "1"]
[White "Sadorra, Julio Catalino"]
[Black "Yan, Benjamin"]
[Result "1/2-1/2"]
[WhiteElo "2554"]
[BlackElo "2025"]
[PlyCount "54"]
[EventDate "2024.01.05"]
[EventType "swiss"]
[EventRounds "6"]
[EventCountry "USA"]
[SourceTitle "CB04_2024"]
[SourceDate "2023.10.16"]
[SourceVersion "1"]
[SourceVersionDate "2023.10.16"]
[SourceQuality "1"]

1. d4 d5 2. c4 c6 3. Nf3 Nf6 4. g3 Bf5 5. Nc3 e6 6. Nh4 Be4 7. f3 Bg6 8. Qb3 Qb6 9. Nxg6 hxg6 10. c5 Qxb3 11. axb3 Na6 12. Bf4 Nd7 13. e4 Nb4 14. Kd2 e5 15. Bxe5 Nxe5 16. dxe5 Bxc5 17. exd5 Nxd5 18. Nxd5 0-0-0 19. Bc4 cxd5 20. Bd3 Kb8 21. f4 g5 22. fxg5 Rde8 23. Raf1 Rxe5 24. h4 Bb4+ 25. Kc2 Re3 26. Bf5 Rxg3 27. Rd1 Rd8 1/2-1/2

[Event "Charlotte op"]
[Site "Charlotte"]
[Date "2023.01.16"]
[Round "6"]
[White "Sadorra, Julio Catalino"]
[Black "Fishbein, Alexander"]
[Result "1-0"]
[WhiteElo "2564"]
[BlackElo "2377"]
[PlyCount "67"]
[EventDate "2023.01.14"]
[EventType "swiss"]
[EventRounds "6"]
[EventCountry "USA"]
[SourceTitle "CBM 212 Extra"]
[Source "ChessBase"]
[SourceDate "2023.03.31"]
[SourceVersion "1"]
[SourceVersionDate "2023.03.31"]
[SourceQuality "1"]

1. d4 Nf6 2. c4 g6 3. Nc3 Bg7 4. e4 d6 5. h3 0-0 6. Be3 c6 7. Bd3 Na6 8. Nf3 e5 9. 0-0 exd4 10. Nxd4 Nc5 11. Re1 Re8 12. Qc2 Nxd3 13. Qxd3 d5 14. exd5 cxd5 15. Rad1 a6 16. cxd5 Bd7 17. Qd2 Ne4 18. Nxe4 Rxe4 19. Nb3 Rc8 20. Nc5 Rc4 21. Rc1 Rxc1 22. Rxc1 Bf5 23. g4 b6 24. Na4 Rxc1+ 25. Qxc1 Be4 26. Nxb6 Bf8 27. Qc4 Bf3 28. Qf4 Bd1 29. Bd4 Bd6 30. Qh6 Bf8 31. Qd2 Qh4 32. Qxd1 Qxh3 33. Be5 f6 34. d6 1-0

[Event "Charlotte op"]
[Site "Charlotte"]
[Date "2023.01.14"]
[Round "2"]
[White "Sadorra, Julio Catalino"]
[Black "Ladan, Nicholas John"]
[Result "0-1"]
[WhiteElo "2564"]
[BlackElo "2114"]
[PlyCount "72"]
[EventDate "2023.01.14"]
[EventType "swiss"]
[EventRounds "6"]
[EventCountry "USA"]
[SourceTitle "CBM 212 Extra"]
[Source "ChessBase"]
[SourceDate "2023.03.31"]
[SourceVersion "1"]
[SourceVersionDate "2023.03.31"]
[SourceQuality "1"]

1. d4 d5 2. Bf4 c5 3. e3 Nc6 4. Nf3 Nf6 5. Nbd2 cxd4 6. exd4 Bf5 7. Bb5 e6 8. Ne5 Qb6 9. c4 dxc4 10. Bxc6+ bxc6 11. Ndxc4 Qa6 12. Qe2 Bb4+ 13. Bd2 Bxd2+ 14. Qxd2 0-0 15. 0-0 Rfd8 16. Qa5 Qxa5 17. Nxa5 Rxd4 18. Naxc6 Rd2 19. b4 Nd5 20. Rfc1 f6 21. Nc4 Rd3 22. a4 Nf4 23. Ne7+ Kf8 24. Nxf5 Ne2+ 25. Kf1 Nxc1 26. Nfe3 Nb3 27. Rb1 Nd2+ 28. Nxd2 Rxd2 29. b5 Ra2 30. Rb4 Rd8 31. Ke1 Rdd2 32. Nd1 Re2+ 33. Kf1 Rec2 34. h4 e5 35. g4 Rc1 36. Ke1 Raa1 0-1

[Event "PRO League Stage"]
[Site "Chess.com INT"]
[Date "2019.02.07"]
[Round "5"]
[White "Mamedov, Rauf"]
[Black "Sadorra, Julio Catalino"]
[Result "1-0"]
[WhiteElo "2703"]
[BlackElo "2568"]
[PlyCount "87"]
[EventDate "2019.01.08"]
[EventType "team-swiss (rapid)"]
[EventRounds "10"]
[EventCountry "USA"]
[SourceTitle "CBM 188 Extra"]
[Source "ChessBase"]
[SourceDate "2019.02.26"]
[SourceVersion "1"]
[SourceVersionDate "2019.02.26"]
[SourceQuality "1"]
[WhiteTeam "San Jose Hackers"]
[BlackTeam "Seattle Sluggers"]
[WhiteTeamCountry "USA"]
[BlackTeamCountry "USA"]

1. e4 e6 2. d4 d5 3. Nd2 c5 4. Ngf3 cxd4 5. exd5 Qxd5 6. Bc4 Qd8 7. Nb3 Nc6 8. Nbxd4 Nxd4 9. Nxd4 a6 10. 0-0 Qc7 11. Bd3 Bd6 12. h3 Ne7 13. Qh5 Qc5 14. Qxc5 Bxc5 15. Nb3 Ba7 16. Be4 f5 17. Bf3 e5 18. Na5 e4 19. Bh5+ Ng6 20. Be3 0-0 21. Rad1 f4 22. Bxa7 Rxa7 23. Nc4 Nh4 24. Nb6 Bf5 25. Be2 a5 26. Bc4+ Kh8 27. a4 g5 28. Rfe1 Rf6 29. Nd5 Rc6 30. b3 b6 31. Nc3 Re7 32. Nb5 Rg6 33. Rd8+ Kg7 34. Nd6 Bxh3 35. gxh3 Nf3+ 36. Kf1 g4 37. hxg4 Nxe1 38. Nf5+ Kf6 39. Rf8+ Ke5 40. Nxe7 Rxg4 41. Kxe1 Rg1+ 42. Kd2 Rg2 43. Rf5+ Kd6 44. Rxf4 1-0

[Event "Olympiad-43"]
[Site "Batumi"]
[Date "2018.10.05"]
[Round "11.1"]
[White "Sadorra, Julio Catalino"]
[Black "Le, Quang Liem"]
[Result "0-1"]
[WhiteElo "2553"]
[BlackElo "2715"]
[PlyCount "102"]
[EventDate "2018.09.24"]
[EventType "team-swiss"]
[EventRounds "11"]
[EventCountry "GEO"]
[SourceTitle "CBM 187"]
[Source "ChessBase"]
[SourceDate "2018.12.11"]
[SourceVersion "1"]
[SourceVersionDate "2018.12.11"]
[SourceQuality "1"]
[WhiteTeam "Philippines"]
[BlackTeam "Vietnam"]
[WhiteTeamCountry "PHI"]
[BlackTeamCountry "VIE"]

1. Nf3 c5 2. c4 Nf6 3. b3 d5 4. cxd5 Nxd5 5. Bb2 Nc6 6. e3 Ndb4 7. d3 Bf5 8. e4 Bg4 9. a3 Bxf3 10. gxf3 Na6 11. d4 cxd4 12. b4 Nc7 13. Nd2 a6 14. f4 g6 15. Nf3 Bg7 16. Bc4 e6 17. h4 h5 18. Kf1 Qd6 19. Qd2 Rd8 20. Rg1 Rd7 21. Ne1 Bh6 22. Nd3 Rd8 23. a4 b5 24. axb5 axb5 25. Bb3 0-0 26. e5 Qd7 27. Qc2 Nd5 28. f5 exf5 29. Ra6 Nce7 30. Rd6 Qb7 31. Qc5 Ne3+ 32. Ke2 Nc4 33. Qxd4 Nc6 34. Qd5 Rxd6 35. exd6 Re8+ 36. Kd1 Re6 37. Bxc4 bxc4 38. Nc5 Qb5 39. d7 c3 40. d8Q+ Nxd8 41. Qxd8+ Re8 42. Qxe8+ Qxe8 43. Bxc3 Qd8+ 44. Kc2 Qxh4 45. Rd1 Qxf2+ 46. Kb3 Bg7 47. Bxg7 Kxg7 48. Rc1 Qe2 49. Rc2 Qf1 50. Rc4 f4 51. b5 f3 0-1

[Event "Olympiad-43"]
[Site "Batumi"]
[Date "2018.09.25"]
[Round "2.1"]
[White "Sadorra, Julio Catalino"]
[Black "Repka, Christopher"]
[Result "1-0"]
[WhiteElo "2553"]
[BlackElo "2523"]
[PlyCount "73"]
[EventDate "2018.09.24"]
[EventType "team-swiss"]
[EventRounds "11"]
[EventCountry "GEO"]
[SourceTitle "CBM 187"]
[Source "ChessBase"]
[SourceDate "2018.12.11"]
[SourceVersion "1"]
[SourceVersionDate "2018.12.11"]
[SourceQuality "1"]
[WhiteTeam "Philippines"]
[BlackTeam "Slovakia"]
[WhiteTeamCountry "PHI"]
[BlackTeamCountry "SVK"]

1. d4 d5 2. c4 c6 3. Nf3 Nf6 4. Nc3 e6 5. g3 dxc4 6. Bg2 b5 7. Ne5 Nd5 8. e4 Nxc3 9. bxc3 Bb7 10. Qh5 g6 11. Nxg6 fxg6 12. Qe5 Nd7 13. Qxh8 Qe7 14. h4 Qf7 15. h5 gxh5 16. Bg5 Qg6 17. f4 Kf7 18. Bf3 Bb4 19. cxb4 Rxh8 20. Bxh5 h6 21. 0-0-0 a5 22. a3 axb4 23. axb4 c3 24. Rh2 Qxh5 25. Rxh5 Ra8 26. Rxh6 c5 27. d5 exd5 28. Rh7+ Kg6 29. Rxd7 cxb4 30. Kc2 Ra2+ 31. Kd3 c2 32. Rc1 b3 33. Rxb7 dxe4+ 34. Kxe4 b2 35. Rh1 Ra4+ 36. Ke5 b1N 37. Rh6# 1-0

[Event "Olympiad-43"]
[Site "Batumi"]
[Date "2018.09.24"]
[Round "1.55"]
[White "Rossini, Paul"]
[Black "Sadorra, Julio Catalino"]
[Result "0-1"]
[WhiteElo "1678"]
[BlackElo "2553"]
[PlyCount "68"]
[EventDate "2018.09.24"]
[EventType "team-swiss"]
[EventRounds "11"]
[EventCountry "GEO"]
[SourceTitle "CBM 187"]
[Source "ChessBase"]
[SourceDate "2018.12.11"]
[SourceVersion "1"]
[SourceVersionDate "2018.12.11"]
[SourceQuality "1"]
[WhiteTeam "San Marino"]
[BlackTeam "Philippines"]
[WhiteTeamCountry "SMR"]
[BlackTeamCountry "PHI"]

1. e4 e6 2. d4 d5 3. e5 c5 4. Nf3 cxd4 5. Nxd4 Nc6 6. Bb5 Bd7 7. Nxc6 bxc6 8. Bd3 Qc7 9. Qe2 g6 10. 0-0 Bg7 11. Re1 Ne7 12. Bg5 h6 13. Bxe7 Kxe7 14. Nd2 Rhb8 15. b3 a5 16. a4 Qb6 17. Qg4 Qb4 18. Qxb4+ Rxb4 19. Rac1 h5 20. Re3 Bh6 21. Re2 c5 22. Rb1 c4 23. bxc4 Bxd2 24. Rxb4 Bxb4 25. cxd5 exd5 26. h3 Bxa4 27. c4 d4 28. f4 h4 29. f5 gxf5 30. Bxf5 Bb3 31. Re4 d3 32. e6 d2 33. exf7+ Kxf7 34. Be6+ Kf6 0-1

[Event "Southwest op 84th"]
[Site "Irving"]
[Date "2018.09.02"]
[Round "7"]
[White "Sadorra, Julio Catalino"]
[Black "Arribas Lopez, Angel"]
[Result "1/2-1/2"]
[WhiteElo "2555"]
[BlackElo "2460"]
[PlyCount "25"]
[EventDate "2018.08.30"]
[EventType "swiss"]
[EventRounds "9"]
[EventCountry "USA"]
[SourceTitle "CBM 186 Extra"]
[Source "ChessBase"]
[SourceDate "2018.08.24"]
[SourceVersion "1"]
[SourceVersionDate "2018.08.24"]
[SourceQuality "1"]

1. Nf3 d6 2. d4 Nf6 3. c4 g6 4. Nc3 Bg7 5. e4 Bg4 6. Be2 0-0 7. Be3 Nfd7 8. 0-0 a5 9. a3 e5 10. d5 Bf6 11. Qd2 Nc5 12. Bxc5 dxc5 13. Rad1 1/2-1/2

[Event "Southwest op 84th"]
[Site "Irving"]
[Date "2018.08.31"]
[Round "3"]
[White "Sadorra, Julio Catalino"]
[Black "Stremavicius, Titas"]
[Result "1-0"]
[WhiteElo "2555"]
[BlackElo "2467"]
[PlyCount "77"]
[EventDate "2018.08.30"]
[EventType "swiss"]
[EventRounds "9"]
[EventCountry "USA"]
[SourceTitle "CBM 186 Extra"]
[Source "ChessBase"]
[SourceDate "2018.08.24"]
[SourceVersion "1"]
[SourceVersionDate "2018.08.24"]
[SourceQuality "1"]

1. Nf3 d5 2. g3 Nf6 3. Bg2 e6 4. 0-0 c5 5. c4 dxc4 6. Na3 Nc6 7. Nxc4 Be7 8. b3 0-0 9. Bb2 Bd7 10. d4 cxd4 11. Nxd4 Rc8 12. Nb5 Rb8 13. Nbd6 Ne8 14. Rc1 b5 15. Nxe8 Bxe8 16. Ne5 Nxe5 17. Bxe5 Rc8 18. Qd4 Qxd4 19. Bxd4 Rd8 20. e3 a6 21. Rc7 Rd7 22. Rfc1 Bd6 23. Rc8 Ba3 24. R1c7 f6 25. Rxd7 Bxd7 26. Rc7 Bc8 27. Bh3 Kh8 28. Bc3 b4 29. Bd4 Rd8 30. Bb6 h6 31. Bf1 e5 32. Ra7 Rd1 33. Ra8 Rc1 34. Kg2 Kh7 35. Bd3+ g6 36. Ra7+ Kh8 37. Bc4 Bf5 38. Bd8 Be4+ 39. f3 1-0

[Event "Southwest op 84th"]
[Site "Irving"]
[Date "2018.08.30"]
[Round "1"]
[White "Sadorra, Julio Catalino"]
[Black "Li, Ben"]
[Result "1/2-1/2"]
[WhiteElo "2555"]
[BlackElo "2324"]
[PlyCount "61"]
[EventDate "2018.08.30"]
[EventType "swiss"]
[EventRounds "9"]
[EventCountry "USA"]
[SourceTitle "CBM 186 Extra"]
[Source "ChessBase"]
[SourceDate "2018.08.24"]
[SourceVersion "1"]
[SourceVersionDate "2018.08.24"]
[SourceQuality "1"]

1. Nf3 d5 2. e3 c5 3. d4 Nf6 4. c3 Nc6 5. dxc5 e6 6. b4 a5 7. Bb5 Bd7 8. Bxc6 Bxc6 9. a4 axb4 10. cxb4 b6 11. Nd4 Bb7 12. c6 Bxb4+ 13. Bd2 Bxd2+ 14. Nxd2 Ba6 15. Nb5 0-0 16. 0-0 e5 17. Qb3 Re8 18. Rfc1 Re6 19. a5 bxa5 20. c7 Qd7 21. Rxa5 Rc8 22. Qa4 Bxb5 23. Qxb5 Qxb5 24. Rxb5 Kf8 25. f3 Re7 26. Rb8 Ree8 27. Rb7 Re7 28. Rb8 Ree8 29. Rb5 Re7 30. Rbc5 Rd7 31. e4 1/2-1/2

[Event "US Masters op"]
[Site "Greensboro"]
[Date "2018.08.18"]
[Round "3"]
[White "Sadorra, Julio Catalino"]
[Black "Panchanathan, Magesh Chandran"]
[Result "1-0"]
[WhiteElo "2555"]
[BlackElo "2486"]
[PlyCount "45"]
[EventDate "2018.08.17"]
[EventType "swiss"]
[EventRounds "9"]
[EventCountry "USA"]
[SourceTitle "CBM 186 Extra"]
[Source "ChessBase"]
[SourceDate "2018.08.24"]
[SourceVersion "1"]
[SourceVersionDate "2018.08.24"]
[SourceQuality "1"]

1. Nf3 Nf6 2. c4 e6 3. b3 g6 4. Bb2 Bg7 5. g3 b6 6. Bg2 Bb7 7. 0-0 0-0 8. Nc3 d6 9. Qc2 c5 10. d4 Nc6 11. Rad1 Qe7 12. e3 cxd4 13. exd4 d5 14. Rfe1 Rac8 15. Qe2 Na5 16. Nb5 Rfd8 17. Ba3 Qe8 18. Nd6 Rxd6 19. Bxd6 dxc4 20. b4 Qd8 21. Bf4 Nc6 22. Ne5 b5 23. Nxf7 1-0

[Event "Philadelphia int op 12th"]
[Site "Philadelphia"]
[Date "2018.07.01"]
[Round "7"]
[White "Puranik, Abhimanyu Sameer"]
[Black "Sadorra, Julio Catalino"]
[Result "1/2-1/2"]
[WhiteElo "2507"]
[BlackElo "2546"]
[PlyCount "54"]
[EventDate "2018.06.28"]
[EventType "swiss"]
[EventRounds "9"]
[EventCountry "USA"]
[SourceTitle "CBM 185 Extra"]
[Source "ChessBase"]
[SourceDate "2018.07.29"]
[SourceVersion "1"]
[SourceVersionDate "2018.07.29"]
[SourceQuality "1"]

1. e4 e6 2. d4 d5 3. Nd2 c5 4. exd5 Qxd5 5. Ngf3 cxd4 6. Bc4 Qd7 7. 0-0 Nc6 8. Nb3 a6 9. Nbxd4 Nxd4 10. Nxd4 Qc7 11. Qe2 Bd6 12. h3 Ne7 13. Re1 0-0 14. c3 Ng6 15. Bb3 b5 16. a4 Bb7 17. axb5 Nh4 18. f3 axb5 19. Rxa8 Bxa8 20. Be3 b4 21. Bf2 Ng6 22. Nb5 Bh2+ 23. Kh1 Qb8 24. Ba7 Qg3 25. Bf2 Qb8 26. Ba7 Qg3 27. Bf2 Qb8 1/2-1/2

[Event "Titled Tuesday intern op 17th April"]
[Site "Chess.com INT"]
[Date "2018.04.17"]
[Round "8"]
[White "Sadorra, Julio Catalino"]
[Black "Nihal, Sarin"]
[Result "0-1"]
[WhiteElo "2547"]
[BlackElo "2534"]
[PlyCount "120"]
[EventDate "2018.04.17"]
[EventType "swiss (blitz)"]
[EventRounds "10"]
[EventCountry "USA"]
[SourceTitle "EXT 2021"]
[Source "ChessBase"]
[SourceDate "2020.10.23"]
[SourceVersion "1"]
[SourceVersionDate "2020.10.23"]
[SourceQuality "1"]

1. Nf3 Nf6 2. c4 b6 3. e3 Bb7 4. d4 e6 5. Bd3 Bb4+ 6. Nc3 Ne4 7. 0-0 f5 8. Qc2 Bxc3 9. bxc3 0-0 10. Nd2 Nxd2 11. Bxd2 Nc6 12. e4 fxe4 13. Bxe4 Qh4 14. f4 Na5 15. Bxb7 Nxb7 16. Rf3 Qh5 17. Re1 Nd6 18. Re5 Qg6 19. Qb3 Rf5 20. Rg3 Qf7 21. c5 Rxe5 22. cxd6 Re2 23. Qd1 Rxd2 24. Qxd2 cxd6 25. d5 exd5 26. Rd3 Rc8 27. Rxd5 Rxc3 28. Qxc3 Qxd5 29. Qc8+ Kf7 30. Qxd7+ Kf6 31. Qd8+ Kf5 32. Qf8+ Ke4 33. h3 Qd4+ 34. Kh2 d5 35. Qe7+ Kd3 36. Qxa7 Qxf4+ 37. Kh1 Qf1+ 38. Kh2 Qf4+ 39. Kh1 Qd4 40. Qa3+ Kd2 41. Qe7 h6 42. a3 Kc2 43. Qe2+ Kb3 44. Qf3+ Kb2 45. Kh2 b5 46. Kh1 Ka2 47. Qg3 g5 48. Qf3 Qa1+ 49. Kh2 Qe5+ 50. Kh1 d4 51. Qd3 h5 52. Kg1 g4 53. Kh1 Qe1+ 54. Kh2 g3+ 55. Qxg3 Qxg3+ 56. Kxg3 Kxa3 57. Kf2 b4 58. g4 hxg4 59. hxg4 b3 60. g5 b2 0-1

[Event "Titled Tuesday intern op 17th April"]
[Site "Chess.com INT"]
[Date "2018.04.17"]
[Round "10"]
[White "Sebastian"]
[Black "Sadorra, Julio Catalino"]
[Result "1-0"]
[WhiteElo "1405"]
[BlackElo "2547"]
[PlyCount "55"]
[EventDate "2018.04.17"]
[EventType "swiss (blitz)"]
[EventRounds "10"]
[EventCountry "USA"]
[SourceTitle "EXT 2021"]
[Source "ChessBase"]
[SourceDate "2020.10.23"]
[SourceVersion "1"]
[SourceVersionDate "2020.10.23"]
[SourceQuality "1"]

1. d4 e6 2. Nf3 f5 3. g3 Nf6 4. Bg2 d5 5. 0-0 Bd6 6. c4 0-0 7. Qc2 c6 8. Ne5 Nbd7 9. Bf4 Bxe5 10. dxe5 Ng4 11. cxd5 cxd5 12. Qc3 g5 13. Bc1 Ngxe5 14. b3 Nc6 15. Qe3 Qf6 16. Qxg5+ Qxg5 17. Bxg5 b6 18. Nc3 Ba6 19. Nxd5 Rac8 20. Rac1 Kf7 21. Rxc6 Rxc6 22. Nb4 Rc5 23. Nxa6 Rc2 24. Nb4 Rxe2 25. Bf3 Rb2 26. Ra1 Ne5 27. Bh5+ Kg8 28. Bc1 1-0

[Event "Titled Tuesday intern op 17th April"]
[Site "Chess.com INT"]
[Date "2018.04.17"]
[Round "9"]
[White "Yuan, Qingyu"]
[Black "Sadorra, Julio Catalino"]
[Result "0-1"]
[WhiteElo "2393"]
[BlackElo "2547"]
[PlyCount "142"]
[EventDate "2018.04.17"]
[EventType "swiss (blitz)"]
[EventRounds "10"]
[EventCountry "USA"]
[SourceTitle "EXT 2021"]
[Source "ChessBase"]
[SourceDate "2020.10.23"]
[SourceVersion "1"]
[SourceVersionDate "2020.10.23"]
[SourceQuality "1"]

1. Nf3 Nf6 2. c4 e6 3. Nc3 d5 4. d4 c6 5. e3 Nbd7 6. Qc2 Bd6 7. b3 0-0 8. Bd3 e5 9. cxd5 cxd5 10. Nb5 Bb4+ 11. Bd2 Bxd2+ 12. Nxd2 e4 13. Be2 a6 14. Nc3 Nb8 15. Na4 Nc6 16. 0-0 Bg4 17. Nb1 Qd6 18. h3 Nb4 19. Qd2 Bxe2 20. Qxe2 Rac8 21. Nd2 Nd3 22. Rfb1 Qa3 23. Nf1 Rc6 24. Nc5 Nxc5 25. dxc5 Rxc5 26. Rd1 Rfc8 27. Rd2 Rc1 28. Rxc1 Qxc1 29. Rd1 Qc2 30. Rd2 Qb1 31. Rd1 Rc1 32. Rxc1 Qxc1 33. g4 h6 34. Kg2 Nd7 35. Qd2 Qxd2 36. Nxd2 Ne5 37. Nb1 Nc6 38. Nc3 Ne7 39. f3 exf3+ 40. Kxf3 Kf8 41. Ke2 Ke8 42. Kd3 Kd7 43. b4 Kd6 44. e4 Ke5 45. a3 dxe4+ 46. Nxe4 b6 47. Ng3 g6 48. Ke3 Nd5+ 49. Kf3 Nc3 50. h4 Nb1 51. a4 a5 52. bxa5 bxa5 53. Ne4 f5 54. gxf5 gxf5 55. Nc5 Nd2+ 56. Ke2 Nc4 57. Kd3 Kd5 58. Nb3 f4 59. Ke2 Ke4 60. Nc5+ Kd4 61. Nb7 Kd5 62. Kf3 Ke5 63. Nc5 Kf5 64. Nd3 Ne5+ 65. Ke2 Nxd3 66. Kxd3 Kg4 67. Ke4 f3 68. Ke3 Kg3 69. h5 f2 70. Ke2 Kg2 71. Kd2 f1Q 0-1

[Event "PRO League Stage"]
[Site "Chess.com INT"]
[Date "2018.03.07"]
[Round "9"]
[White "Sadorra, Julio Catalino"]
[Black "Yanayt, Eugene"]
[Result "1-0"]
[WhiteElo "2539"]
[BlackElo "2203"]
[PlyCount "61"]
[EventDate "2018.01.18"]
[EventType "team-swiss (rapid)"]
[EventRounds "9"]
[EventCountry "USA"]
[SourceTitle "EXT 2019"]
[Source "ChessBase"]
[SourceDate "2018.10.10"]
[SourceVersion "1"]
[SourceVersionDate "2018.10.10"]
[SourceQuality "1"]
[WhiteTeam "Dallas Destiny"]
[BlackTeam "Las Vegas Desert Rats"]
[WhiteTeamCountry "USA"]
[BlackTeamCountry "USA"]

1. d4 Nf6 2. c4 g6 3. Nc3 Bg7 4. e4 d6 5. h3 0-0 6. Be3 e5 7. d5 c6 8. Bd3 a6 9. Nge2 b5 10. dxc6 b4 11. Nd5 Nxc6 12. Bg5 Be6 13. Qd2 a5 14. 0-0 Nb8 15. f4 Bxd5 16. fxe5 dxe5 17. cxd5 Qb6+ 18. Be3 Qd6 19. Rac1 Nfd7 20. Bb5 f5 21. Bxd7 Qxd7 22. d6 Ra6 23. Rfd1 f4 24. Qd5+ Kh8 25. Rc7 Qa4 26. b3 Qxa2 27. Nxf4 exf4 28. Bd4 Rg8 29. Bxg7+ Rxg7 30. Rc8+ Rg8 31. Rxg8# 1-0

[Event "PRO League Stage"]
[Site "Chess.com INT"]
[Date "2018.02.24"]
[Round "7"]
[White "Libiszewski, Fabien"]
[Black "Sadorra, Julio Catalino"]
[Result "1-0"]
[WhiteElo "2530"]
[BlackElo "2539"]
[PlyCount "57"]
[EventDate "2018.01.18"]
[EventType "team-swiss (rapid)"]
[EventRounds "9"]
[EventCountry "USA"]
[SourceTitle "EXT 2019"]
[Source "ChessBase"]
[SourceDate "2018.10.10"]
[SourceVersion "1"]
[SourceVersionDate "2018.10.10"]
[SourceQuality "1"]
[WhiteTeam "Cannes Blockbusters"]
[BlackTeam "Dallas Destiny"]
[WhiteTeamCountry "FRA"]
[BlackTeamCountry "USA"]

1. e4 Nf6 2. e5 Nd5 3. d4 d6 4. c4 Nb6 5. exd6 exd6 6. Nc3 Nc6 7. Be3 Be7 8. Bd3 0-0 9. b3 Bf6 10. Nge2 Bg4 11. 0-0 Nxd4 12. Bxd4 Bxd4 13. Bxh7+ Kxh7 14. Qxd4 Bxe2 15. Nxe2 Re8 16. Ng3 Kg8 17. Rad1 Nd7 18. Qd5 Rb8 19. Rd4 Qf6 20. Rg4 Re5 21. Qd4 Rbe8 22. Qxa7 Nc5 23. Qa5 Nxb3 24. Qc3 Nc5 25. Nh5 Qe6 26. Rxg7+ Kf8 27. Rh7 Kg8 28. Qg3+ Qg6 29. Rg7+ 1-0

[Event "PRO League Stage"]
[Site "Chess.com INT"]
[Date "2018.02.24"]
[Round "7"]
[White "Swapnil, S Dhopade"]
[Black "Sadorra, Julio Catalino"]
[Result "0-1"]
[WhiteElo "2533"]
[BlackElo "2539"]
[PlyCount "134"]
[EventDate "2018.01.18"]
[EventType "team-swiss (rapid)"]
[EventRounds "9"]
[EventCountry "USA"]
[SourceTitle "EXT 2019"]
[Source "ChessBase"]
[SourceDate "2018.10.10"]
[SourceVersion "1"]
[SourceVersionDate "2018.10.10"]
[SourceQuality "1"]
[WhiteTeam "Mumbai Movers"]
[BlackTeam "Dallas Destiny"]
[WhiteTeamCountry "IND"]
[BlackTeamCountry "USA"]

1. d4 e6 2. c4 f5 3. Nf3 Nf6 4. g3 d5 5. Bg2 Bd6 6. 0-0 0-0 7. Nc3 c6 8. Qc2 Qe7 9. Rb1 Nbd7 10. Bf4 Bxf4 11. gxf4 Ne4 12. e3 Rf6 13. Ne5 Nxe5 14. fxe5 Rh6 15. Nxe4 Qh4 16. h3 fxe4 17. f3 Qg3 18. Qf2 Rxh3 19. Qxg3 Rxg3 20. Kh2 Rg5 21. fxe4 dxe4 22. Bxe4 Bd7 23. b4 a6 24. a4 Be8 25. Rf2 Bg6 26. Bxg6 hxg6 27. Rg2 Rh5+ 28. Kg1 Rf8 29. Rxg6 Rf3 30. Re1 Kf7 31. Rg2 g5 32. Rf1 Rh1+ 33. Kxh1 Rxf1+ 34. Rg1 Rf3 35. Rxg5 Rxe3 36. Rh5 Kg6 37. Rh8 Rb3 38. Rf8 Rxb4 39. Rf6+ Kg5 40. c5 Rxd4 41. Rxe6 Rxa4 42. Re7 Rc4 43. Rxb7 Kf5 44. Rb6 Rxc5 45. Kg2 Kxe5 46. Rxa6 Kd4 47. Kf2 Kd3 48. Ra8 Rc2+ 49. Kf3 c5 50. Rd8+ Kc3 51. Ke3 c4 52. Rb8 Rh2 53. Rc8 Kb3 54. Kd4 Rd2+ 55. Ke3 c3 56. Rb8+ Kc2 57. Rc8 Rd7 58. Ke2 Re7+ 59. Kf2 Kd2 60. Rd8+ Kc1 61. Rc8 c2 62. Rb8 Re5 63. Kf3 Kd2 64. Rd8+ Kc3 65. Rc8+ Kd3 66. Rd8+ Kc4 67. Kf4 Rc5 0-1

[Event "PRO League Stage"]
[Site "Chess.com INT"]
[Date "2018.02.24"]
[Round "7"]
[White "Ter Sahakyan, Samvel"]
[Black "Sadorra, Julio Catalino"]
[Result "1-0"]
[WhiteElo "2563"]
[BlackElo "2539"]
[PlyCount "73"]
[EventDate "2018.01.18"]
[EventType "team-swiss (rapid)"]
[EventRounds "9"]
[EventCountry "USA"]
[SourceTitle "EXT 2019"]
[Source "ChessBase"]
[SourceDate "2018.10.10"]
[SourceVersion "1"]
[SourceVersionDate "2018.10.10"]
[SourceQuality "1"]
[WhiteTeam "Armenia Eagles"]
[BlackTeam "Dallas Destiny"]
[WhiteTeamCountry "ARM"]
[BlackTeamCountry "USA"]

1. e4 e6 2. d4 d5 3. Nc3 Nf6 4. e5 Nfd7 5. f4 c5 6. Nf3 Nc6 7. Be3 a6 8. Qd2 b5 9. dxc5 Bxc5 10. Bd3 Qb6 11. Bf2 h6 12. 0-0 Bb7 13. Rae1 Bxf2+ 14. Rxf2 Nc5 15. a3 b4 16. axb4 Qxb4 17. h3 Rc8 18. f5 0-0 19. f6 Qxb2 20. fxg7 Kxg7 21. Rb1 Qa3 22. Qf4 f5 23. exf6+ Rxf6 24. Qg3+ Kh8 25. Ne5 Rxf2 26. Ng6+ Kg7 27. Ne5+ Kf6 28. Qxf2+ Kxe5 29. Qg3+ Kf6 30. Rf1+ Ke7 31. Bg6 Nd3 32. Rf7+ Kd8 33. cxd3 Ne7 34. Ne2 Rc2 35. Rf8+ Kd7 36. Be8+ Kd8 37. Bc6# 1-0

[Event "PRO League Stage"]
[Site "Chess.com INT"]
[Date "2018.02.14"]
[Round "6"]
[White "Kuybokarov, Temur"]
[Black "Sadorra, Julio Catalino"]
[Result "1/2-1/2"]
[WhiteElo "2472"]
[BlackElo "2539"]
[PlyCount "112"]
[EventDate "2018.01.18"]
[EventType "team-swiss (rapid)"]
[EventRounds "9"]
[EventCountry "USA"]
[SourceTitle "CBM 182 Extra"]
[Source "ChessBase"]
[SourceDate "2018.02.23"]
[SourceVersion "1"]
[SourceVersionDate "2018.02.23"]
[SourceQuality "1"]
[WhiteTeam "Australia Kangaroos"]
[BlackTeam "Dallas Destiny"]
[WhiteTeamCountry "AUS"]
[BlackTeamCountry "USA"]

1. d4 e6 2. c4 f5 3. g3 Nf6 4. Bg2 d5 5. Nh3 Bd6 6. 0-0 0-0 7. Qc2 c6 8. Bf4 Be7 9. Nd2 h6 10. Bxb8 Rxb8 11. Nf4 Bd6 12. Nd3 Bd7 13. b4 Ne4 14. Nf3 Be8 15. c5 Bc7 16. Nfe5 Nf6 17. Rab1 Ng4 18. a4 Nxe5 19. dxe5 a6 20. f4 Rc8 21. Nc1 g5 22. Nb3 Bd7 23. Nd4 Rf7 24. e3 Rg7 25. Qe2 Bb8 26. Rfc1 Ba7 27. Kh1 Qe7 28. Bf3 h5 29. Bxh5 g4 30. h3 gxh3 31. Kh2 Kh8 32. g4 fxg4 33. Bxg4 Rcg8 34. Rg1 Qh4 35. Nf3 Qh6 36. Bxh3 Be8 37. Rxg7 Rxg7 38. Rg1 Rxg1 39. Nxg1 a5 40. Qb2 axb4 41. Qxb4 Qh4 42. Qxb7 Bxc5 43. Qc8 Qe7 44. Bxe6 Bxe3 45. Nh3 Kg7 46. f5 Qh4 47. f6+ Kh6 48. Qxe8 Bf4+ 49. Kg2 Qg3+ 50. Kf1 Qd3+ 51. Kg2 Qg3+ 52. Kf1 Qd3+ 53. Kg1 Qg3+ 54. Kf1 Qd3+ 55. Kf2 Qe3+ 56. Kf1 Qd3+ 1/2-1/2